Europa Postmediaevalis 2020 : post-medieval pottery in the spare time /
A collection of papers planned for what would have been the second Europa Postmediaevalis conference. The focus is on the Early Modern period (15th to 18th centuries) and the growing use of new ceramic forms for leisure activities (smoking, drinking coffee or alcohol, garden strolls or games).
مؤلفون آخرون: ,
التنسيق: كتاب الكتروني
اللغة: English
منشور في:
Summertown, Oxford :
Archaeopress Publishing Ltd,
2021.
الموضوعات:
الوصول للمادة أونلاين: Login to view Source
الوسوم: إضافة وسم
رقم الطلب: NK4083
| LEADER | 01902nam a2200397 i 4500 | ||
|---|---|---|---|
| 001 | EDZ0002499004 | ||
| 003 | StDuBDS | ||
| 005 | 20230412183049.0 | ||
| 006 | m|||||o||d|||||||| | ||
| 007 | cr ||||||||||| | ||
| 008 | 210327s2021 enka fob 100|0|eng|d | ||
| 020 | |a 9781789699180 (PDF ebook) : |c No price | ||
| 040 | |a StDuBDS |b eng |c StDuBDS |e rda |e pn | ||
| 050 | 4 | |a NK4083 | |
| 082 | 0 | 4 | |a 738.0940903 |2 23 |
| 245 | 0 | 0 | |a Europa Postmediaevalis 2020 : |b post-medieval pottery in the spare time / |c edited by Gabriela Blažková, Kristýna Matějková. |
| 264 | 1 | |a Summertown, Oxford : |b Archaeopress Publishing Ltd, |c 2021. | |
| 300 | |a 1 online resource (vi, 328 pages) : |b illustrations (black and white, and colour) | ||
| 336 | |a text |2 rdacontent | ||
| 336 | |a still image |2 rdacontent | ||
| 337 | |a computer |2 rdamedia | ||
| 338 | |a online resource |2 rdacarrier | ||
| 500 | |a Conference proceedings. | ||
| 504 | |a Includes bibliographical references. | ||
| 520 | 8 | |a A collection of papers planned for what would have been the second Europa Postmediaevalis conference. The focus is on the Early Modern period (15th to 18th centuries) and the growing use of new ceramic forms for leisure activities (smoking, drinking coffee or alcohol, garden strolls or games). | |
| 521 | |a Specialized. | ||
| 588 | |a Description based on online resource; title from PDF title page (viewed on April 26, 2021). | ||
| 650 | 0 | |a Pottery |z Europe |x History |v Congresses. | |
| 650 | 0 | |a Leisure |z Europe |x History |v Congresses. | |
| 700 | 1 | |a Blažková, Gabriela, |d 1974- |e editor. | |
| 700 | 1 | |a Matějková, Kristýna, |e editor. | |
| 776 | 0 | 8 | |i Print version : |z 9781789699173 |
| 856 | 4 | 0 | |3 Archaeopress |u http://library.arce.org:8087/Archaeopress/Products/9781789699173 |
| 942 | |2 lcc |c EBOOK | ||
| 952 | |0 0 |1 0 |4 0 |6 NK4083 |7 1 |9 46819 |a ARCH |b ARCH |d 2023-04-12 |l 0 |o NK4083 |r 2023-04-12 00:00:00 |w 2023-04-12 |y EBOOK | ||
| 999 | |c 52477 |d 52477 | ||
